000 00639nam a22002295i 4500
001 11305
003 ES-MaACL
005 20230906150054.0
007 t|
008 960109s1995 sp ||||0| spa
020 _a84-08-01624-5
080 _a821.134.2-31"19"
100 1 _aDelgado, Fernando G.
_943406
245 1 3 _aLa mirada del otro /
_cFernando G. Delgado.
250 _a1ª ed.
260 _aBarcelona :
_bPlaneta,
_c1995.
300 _a298 p. ;
_c21 cm.
490 1 _aAutores españoles e hispanoamericanos
830 1 _aAutores españoles e hispanoamericanos
_9177795
852 4 _aES-MaACL
_jL-18549
999 _c11305
_d11305